[Event "Titled Tuesday intern op 19th Sep Early"]
[Site "Chess.com INT"]
[Date "2023.09.19"]
[Round "1"]
[White "Martinez Martin, David"]
[Black "Ghosh, Chanchal Kumer"]
[Result "0-1"]
[WhiteElo "2385"]
[BlackElo "2026"]
[PlyCount "68"]
[EventDate "2023.09.19"]
[EventType "swiss (blitz)"]
[EventRounds "11"]
[EventCountry "USA"]
[SourceTitle "EXT 2024"]
[Source "ChessBase"]
[SourceDate "2023.10.10"]
[SourceVersion "1"]
[SourceVersionDate "2023.10.10"]
[SourceQuality "1"]

1. Nf3 d5 2. e3 e6 3. c4 Nf6 4. Nc3 b6 5. b3 Bb7 6. Bb2 Be7 7. Qc2 0-0 8. 0-0-0 dxc4 9. bxc4 Nc6 10. a3 a5 11. Kb1 a4 12. Bd3 Na5 13. Ne5 Bd6 14. f4 Qe7 15. Ka2 Nb3 16. Nb5 Nc5 17. Nxd6 cxd6 18. Nf3 Nxd3 19. Qxd3 Be4 20. Qc3 d5 21. d3 Bf5 22. Ne5 Rfc8 23. g4 Bg6 24. h4 dxc4 25. dxc4 Ne4 26. Qb4 Qxb4 27. axb4 Nf2 28. Nxg6 hxg6 29. Rhf1 Nxd1 30. Rxd1 Rxc4 31. Ba3 Rc3 32. e4 Re3 33. Rd4 Rc8 34. Kb1 Rxa3 0-1

[Event "Titled Tuesday intern op 19th Sep Late"]
[Site "Chess.com INT"]
[Date "2023.09.19"]
[Round "9"]
[White "Martinez Martin, David"]
[Black "Kleiman, Jake"]
[Result "1-0"]
[WhiteElo "2385"]
[BlackElo "2399"]
[PlyCount "127"]
[EventDate "2023.09.19"]
[EventType "swiss (blitz)"]
[EventRounds "11"]
[EventCountry "USA"]
[SourceTitle "EXT 2024"]
[Source "ChessBase"]
[SourceDate "2023.10.10"]
[SourceVersion "1"]
[SourceVersionDate "2023.10.10"]
[SourceQuality "1"]

1. Nf3 d5 2. d4 c6 3. c4 Nf6 4. e3 Bg4 5. h3 Bh5 6. g4 Bg6 7. Nbd2 Nbd7 8. Bg2 e6 9. 0-0 Ne4 10. Nxe4 Bxe4 11. b3 Bd6 12. c5 Bc7 13. Bb2 h5 14. Ne5 Bxg2 15. Kxg2 Bxe5 16. dxe5 Nxc5 17. Ba3 Nd7 18. Bd6 Qh4 19. f4 hxg4 20. Qxg4 0-0-0 21. Qxh4 Rxh4 22. Be7 Rh5 23. Bxd8 Kxd8 24. Kh2 Nc5 25. b4 Ne4 26. a4 Kc7 27. Ra2 g6 28. Rc2 Rh8 29. Rd1 Kb6 30. Rd4 Re8 31. h4 Rh8 32. Kh3 Rh5 33. Kg4 Rh8 34. Rh2 Rh5 35. Rxe4 dxe4 36. Rd2 Kc7 37. Rd4 Rh8 38. Rxe4 b6 39. Kg5 Rd8 40. Kf6 Rd7 41. Rd4 c5 42. bxc5 bxc5 43. Rc4 Kc6 44. e4 Kb6 45. f5 exf5 46. exf5 gxf5 47. h5 Rd4 48. Rc1 Rh4 49. Kxf7 Rxh5 50. e6 f4 51. Re1 c4 52. e7 Rh8 53. Re4 Kc5 54. Rxf4 c3 55. e8Q Rxe8 56. Kxe8 c2 57. Rf1 Kb4 58. Rc1 Kb3 59. Kd7 a5 60. Kc6 Kb2 61. Rxc2+ Kxc2 62. Kb5 Kb3 63. Kxa5 Kc4 64. Kb6 1-0

[Event "Titled Tuesday intern op 19th Sep Late"]
[Site "Chess.com INT"]
[Date "2023.09.19"]
[Round "1"]
[White "Martinez Martin, David"]
[Black "Maghsoodloo, Parham"]
[Result "0-1"]
[WhiteElo "2385"]
[BlackElo "2707"]
[PlyCount "76"]
[EventDate "2023.09.19"]
[EventType "swiss (blitz)"]
[EventRounds "11"]
[EventCountry "USA"]
[SourceTitle "EXT 2024"]
[Source "ChessBase"]
[SourceDate "2023.10.10"]
[SourceVersion "1"]
[SourceVersionDate "2023.10.10"]
[SourceQuality "1"]

1. d4 Nf6 2. c4 e6 3. Nf3 d5 4. e3 c5 5. cxd5 Nxd5 6. Nc3 Nxc3 7. bxc3 Nd7 8. Bd3 b6 9. 0-0 Bb7 10. e4 Be7 11. Qe2 Rc8 12. a4 cxd4 13. cxd4 0-0 14. Bf4 Nf6 15. h3 Rc3 16. Rfc1 Rxc1+ 17. Bxc1 Qa8 18. e5 Nd5 19. Bd2 Nb4 20. Bxb4 Bxf3 21. Qxf3 Qxf3 22. gxf3 Bxb4 23. Rc1 Rd8 24. Rc7 Rxd4 25. Rc8+ Bf8 26. Bxh7+ Kxh7 27. Rxf8 Rxa4 28. Rxf7 b5 29. Re7 b4 30. Rb7 a5 31. Rb6 Ra3 32. Rxe6 b3 33. Rb6 a4 34. Kg2 Ra2 35. e6 Kg6 36. e7+ Kf7 37. Rb7 b2 38. f4 a3 0-1

[Event "Titled Tuesday intern op 22nd Aug Late"]
[Site "Chess.com INT"]
[Date "2023.08.22"]
[Round "2"]
[White "Adewumi, Tanitoluwa"]
[Black "Martinez Martin, David"]
[Result "1/2-1/2"]
[WhiteElo "2277"]
[BlackElo "2385"]
[PlyCount "136"]
[EventDate "2023.08.22"]
[EventType "swiss (blitz)"]
[EventRounds "11"]
[EventCountry "USA"]
[SourceTitle "EXT 2024"]
[Source "ChessBase"]
[SourceDate "2023.10.10"]
[SourceVersion "1"]
[SourceVersionDate "2023.10.10"]
[SourceQuality "1"]

1. e4 c5 2. Nf3 d6 3. Bb5+ Bd7 4. Bxd7+ Nxd7 5. 0-0 Ngf6 6. Qe2 e6 7. d4 cxd4 8. Nxd4 Be7 9. c4 0-0 10. b3 a6 11. Bb2 Re8 12. Nc3 Bf8 13. Qd2 Qc7 14. Rfe1 Rab8 15. g3 Ne5 16. Kg2 Nc6 17. Rac1 Nxd4 18. Qxd4 Qc6 19. f3 h5 20. h4 Qc5 21. Qd3 Nd7 22. Red1 Ne5 23. Qd2 Qa7 24. Ne2 b5 25. cxb5 axb5 26. Nf4 g6 27. Bd4 Qa6 28. Nd3 Nxd3 29. Qxd3 Qxa2+ 30. Rc2 Qa6 31. Bb2 Qb7 32. Qc3 e5 33. Rcd2 b4 34. Qe3 Rbc8 35. Rd5 Rc2+ 36. R1d2 Rec8 37. f4 Rxd2+ 38. Qxd2 exf4 39. Qd4 Rc2+ 40. Kf3 Rxb2 41. Qxb2 fxg3 42. Kxg3 Qd7 43. Qe2 Bg7 44. Qd1 Qe6 45. Qf3 Be5+ 46. Kg2 Qe7 47. Kh3 Qe6+ 48. Kg2 Qe7 49. Qh3 Qc7 50. Rd2 Qc5 51. Rf2 Qc6 52. Qf3 Qb7 53. Rd2 Qe7 54. Rf2 Kg7 55. Kh3 Qe6+ 56. Kg2 Qe7 57. Qh3 Qb7 58. Re2 Qe7 59. Kf1 Qf6+ 60. Ke1 Qe7 61. Kd1 Qc7 62. Qf3 Qe7 63. Rf2 Qa7 64. Ke2 Qa2+ 65. Kf1 Qa7 66. Qd3 Qe7 67. Qf3 Qd7 68. Kg2 Qe7 1/2-1/2

[Event "Titled Tuesday intern op 08th Aug Late"]
[Site "Chess.com INT"]
[Date "2023.08.08"]
[Round "9"]
[White "Martinez Martin, David"]
[Black "Goltsev, Dmitry"]
[Result "1-0"]
[WhiteElo "2385"]
[BlackElo "2251"]
[PlyCount "133"]
[EventDate "2023.08.08"]
[EventType "swiss (blitz)"]
[EventRounds "11"]
[EventCountry "USA"]
[SourceTitle "EXT 2024"]
[Source "ChessBase"]
[SourceDate "2023.10.10"]
[SourceVersion "1"]
[SourceVersionDate "2023.10.10"]
[SourceQuality "1"]

1. Nf3 d5 2. e3 c6 3. c4 Nf6 4. Nc3 g6 5. d4 Bg7 6. Be2 0-0 7. 0-0 Nbd7 8. a4 Re8 9. a5 a6 10. cxd5 cxd5 11. b3 Nf8 12. Bd2 Bf5 13. Na4 N6d7 14. Bc3 Rc8 15. Qd2 f6 16. Rfd1 g5 17. b4 Be4 18. Nc5 Nxc5 19. dxc5 e5 20. Qa2 Ng6 21. Nd2 Bf5 22. e4 Be6 23. exd5 Qxd5 24. Bc4 Qc6 25. Bxe6+ Qxe6 26. Qxe6+ Rxe6 27. Ne4 Nf4 28. Kf1 Re7 29. g3 Ne6 30. Nd6 Rcc7 31. Rd2 Red7 32. Rad1 Bf8 33. Nf5 Rxd2 34. Rxd2 Kf7 35. Ke2 Ke8 36. Kf3 h5 37. h4 gxh4 38. gxh4 Rd7 39. Ke4 Rxd2 40. Bxd2 Kd7 41. Ng3 Nd4 42. Nxh5 Ke6 43. f4 f5+ 44. Kd3 Nf3 45. fxe5 Kxe5 46. Bc3+ Kd5 47. Nf4+ Kc6 48. h5 Bh6 49. Ne6 Nh2 50. Bg7 Bxg7 51. Nxg7 f4 52. Nf5 f3 53. Ke3 Kd5 54. h6 Ng4+ 55. Kxf3 Nf6 56. Nd6 Kc6 57. Ne8 Nh7 58. Ke4 Kb5 59. Kd5 Kxb4 60. Nd6 Kxa5 61. Nxb7+ Kb5 62. Nd6+ Kb4 63. c6 a5 64. c7 a4 65. c8Q a3 66. Qc4+ Ka5 67. Qb5# 1-0

[Event "Titled Tuesday intern op 08th Aug Late"]
[Site "Chess.com INT"]
[Date "2023.08.08"]
[Round "11"]
[White "Martinez Martin, David"]
[Black "Golubev, Mikhail"]
[Result "1-0"]
[WhiteElo "2385"]
[BlackElo "2461"]
[PlyCount "109"]
[EventDate "2023.08.08"]
[EventType "swiss (blitz)"]
[EventRounds "11"]
[EventCountry "USA"]
[SourceTitle "EXT 2024"]
[Source "ChessBase"]
[SourceDate "2023.10.10"]
[SourceVersion "1"]
[SourceVersionDate "2023.10.10"]
[SourceQuality "1"]

1. e4 c5 2. Nf3 d6 3. d4 Nf6 4. Nc3 cxd4 5. Nxd4 g6 6. Be3 Bg7 7. f3 Nc6 8. Qd2 0-0 9. Nb3 Be6 10. 0-0-0 Ne5 11. Kb1 Rc8 12. h4 h5 13. Nd5 Nxd5 14. exd5 Bd7 15. g4 Nxf3 16. Qg2 Bxg4 17. Be2 Ne5 18. Bd4 Qd7 19. Rdg1 Qf5 20. Bxg4 Nxg4 21. Rf1 Qd7 22. Qe4 Rc4 23. Qd3 b5 24. Rhg1 Ne5 25. Qd1 a5 26. Bxe5 dxe5 27. Nxa5 Rd4 28. Qe2 Qxd5 29. Nb3 Rxh4 30. Rd1 Qe4 31. Qxb5 Rh2 32. Qc5 h4 33. Rge1 Qf5 34. Rf1 Qe4 35. Rde1 Qg4 36. Qxe7 Qc4 37. Qc5 Rxc2 38. Qxc4 Rxc4 39. Nd2 Rd4 40. Ne4 f5 41. Ng5 Re8 42. Rg1 e4 43. Nf3 Rb4 44. Re2 Rxb2+ 45. Rxb2 Bxb2 46. Nxh4 Kf7 47. Kxb2 Rh8 48. Nxg6 Rh2+ 49. Kc3 Kf6 50. Nf4 Ke5 51. Ng6+ Kf6 52. a4 e3 53. Nf4 Ra2 54. Kb3 Rf2 55. Nd3 1-0

[Event "Titled Tuesday intern op 25th Jul Late"]
[Site "Chess.com INT"]
[Date "2023.07.25"]
[Round "3"]
[White "Martinez Martin, David"]
[Black "Bullen, Alex"]
[Result "1-0"]
[WhiteElo "2385"]
[BlackElo "2128"]
[PlyCount "65"]
[EventDate "2023.07.25"]
[EventType "swiss (blitz)"]
[EventRounds "11"]
[EventCountry "USA"]
[SourceTitle "EXT 2024"]
[Source "ChessBase"]
[SourceDate "2023.10.10"]
[SourceVersion "1"]
[SourceVersionDate "2023.10.10"]
[SourceQuality "1"]

1. d4 Nf6 2. Nf3 d5 3. e3 c5 4. dxc5 Qa5+ 5. Nbd2 Qxc5 6. c4 g6 7. Nb3 Qd6 8. cxd5 Qxd5 9. Bd2 Bg7 10. Rc1 0-0 11. Bc4 Qh5 12. 0-0 Bg4 13. h3 Bxf3 14. Qxf3 Qxf3 15. gxf3 Nc6 16. Bc3 Nd7 17. Rfd1 Bxc3 18. Rxc3 Nde5 19. Be2 Rfd8 20. f4 Rxd1+ 21. Bxd1 Nd7 22. Bf3 Rc8 23. Na5 Rb8 24. Nxc6 bxc6 25. Bxc6 Nf8 26. b3 Ne6 27. Rc4 Kg7 28. Bd5 Nf8 29. Rc7 e6 30. Bc4 a5 31. Ra7 Rd8 32. Rxa5 g5 33. Rxg5+ 1-0

[Event "Titled Tuesday intern op 25th Jul Late"]
[Site "Chess.com INT"]
[Date "2023.07.25"]
[Round "9"]
[White "Vega Gutierrez, Sabrina Neide"]
[Black "Martinez Martin, David"]
[Result "0-1"]
[WhiteElo "2377"]
[BlackElo "2385"]
[PlyCount "42"]
[EventDate "2023.07.25"]
[EventType "swiss (blitz)"]
[EventRounds "11"]
[EventCountry "USA"]
[SourceTitle "EXT 2024"]
[Source "ChessBase"]
[SourceDate "2023.10.10"]
[SourceVersion "1"]
[SourceVersionDate "2023.10.10"]
[SourceQuality "1"]

1. e4 c5 2. Nc3 Nc6 3. Nge2 g6 4. d4 cxd4 5. Nxd4 Bg7 6. Nb3 d6 7. g3 h5 8. Bg2 h4 9. 0-0 hxg3 10. hxg3 Bh3 11. Bxh3 Rxh3 12. Nd5 Nf6 13. Re1 Qd7 14. Nxf6+ Bxf6 15. c3 0-0-0 16. Qf3 Rdh8 17. Be3 Ne5 18. Qg2 Rh1+ 19. Qxh1 Rxh1+ 20. Kxh1 Qh3+ 21. Kg1 Nf3# 0-1

[Event "Titled Tuesday intern op 04th Jul Early"]
[Site "Chess.com INT"]
[Date "2023.07.04"]
[Round "2"]
[White "Cardozo Munar, Carlos Eduardo"]
[Black "Martinez Martin, David"]
[Result "0-1"]
[WhiteElo "2043"]
[BlackElo "2385"]
[PlyCount "70"]
[EventDate "2023.07.04"]
[EventType "swiss (blitz)"]
[EventRounds "11"]
[EventCountry "USA"]
[SourceTitle "EXT 2024"]
[Source "ChessBase"]
[SourceDate "2023.10.10"]
[SourceVersion "1"]
[SourceVersionDate "2023.10.10"]
[SourceQuality "1"]

1. d4 Nf6 2. Bg5 Ne4 3. h4 c5 4. d5 Nxg5 5. hxg5 Qb6 6. e4 Qxb2 7. Nd2 Qb6 8. Ngf3 d6 9. Bd3 g6 10. Rb1 Qc7 11. Qe2 Bg7 12. Nc4 0-0 13. e5 dxe5 14. Ncxe5 Nd7 15. Ng4 c4 16. Be4 Nc5 17. Nh6+ Bxh6 18. Rxh6 Bg4 19. Qxc4 Qf4 20. Qxc5 Qxe4+ 21. Qe3 Bxf3 22. gxf3 Qxd5 23. Rb4 Rad8 24. Kf1 Qf5 25. Kg2 Rd5 26. Rg4 Qxc2 27. Qf4 Qc5 28. Qg3 Rf5 29. Qh4 Qd5 30. Rg3 Rc8 31. Rxh7 Qe5 32. Rh3 Rxg5+ 33. Rg3 Rxg3+ 34. fxg3 Rc2+ 35. Kh3 Qf5+ 0-1

[Event "Titled Tuesday intern op 04th Jul Late"]
[Site "Chess.com INT"]
[Date "2023.07.04"]
[Round "11"]
[White "Martinez Martin, David"]
[Black "Gorovets, Andrey"]
[Result "0-1"]
[WhiteElo "2385"]
[BlackElo "2463"]
[PlyCount "118"]
[EventDate "2023.07.04"]
[EventType "swiss (blitz)"]
[EventRounds "11"]
[EventCountry "USA"]
[SourceTitle "EXT 2024"]
[Source "ChessBase"]
[SourceDate "2023.10.10"]
[SourceVersion "1"]
[SourceVersionDate "2023.10.10"]
[SourceQuality "1"]

1. Nf3 Nf6 2. c4 c5 3. Nc3 d5 4. cxd5 Nxd5 5. g3 Nc7 6. a3 Nc6 7. Bg2 g6 8. b4 cxb4 9. axb4 Nxb4 10. Qa4+ Nc6 11. Ne5 Bd7 12. Nxc6 Bxc6 13. Bxc6+ bxc6 14. Qxc6+ Qd7 15. Qb7 a5 16. Qb6 Ra6 17. Qb8+ Qd8 18. Qxd8+ Kxd8 19. d3 Bg7 20. Bd2 Kd7 21. 0-0 Rha8 22. Ra4 Bxc3 23. Bxc3 Nd5 24. Bd2 Nb6 25. Ra3 a4 26. Rfa1 e5 27. Be3 Nd5 28. Bd2 Nc7 29. f4 exf4 30. gxf4 Nb5 31. R3a2 a3 32. Bb4 Ra4 33. Rb1 Nd4 34. Bc3 Ne6 35. e3 Kc6 36. Kf2 f5 37. Rb4 Nc5 38. Rxa4 Rxa4 39. Ke2 Kb5 40. Bd2 Ra8 41. Kd1 Ka4 42. Bc1 Kb3 43. Rc2 a2 44. Bb2 Nxd3 45. Ba1 Rd8 46. Rd2 Nf2+ 47. Ke2 Rxd2+ 48. Kxd2 Ng4 49. h3 Nf2 50. Ke2 Nxh3 51. Kd3 g5 52. fxg5 Nxg5 53. Kd4 Nf3+ 54. Kd3 h5 55. e4 h4 56. exf5 h3 57. f6 Ng5 58. Be5 h2 59. Bxh2 a1Q 0-1

[Event "Titled Tuesday intern op 04th Jul Late"]
[Site "Chess.com INT"]
[Date "2023.07.04"]
[Round "4"]
[White "Martinez Martin, David"]
[Black "Kostiukov, Alexandr"]
[Result "1-0"]
[WhiteElo "2385"]
[BlackElo "2271"]
[PlyCount "35"]
[EventDate "2023.07.04"]
[EventType "swiss (blitz)"]
[EventRounds "11"]
[EventCountry "USA"]
[SourceTitle "EXT 2024"]
[Source "ChessBase"]
[SourceDate "2023.10.10"]
[SourceVersion "1"]
[SourceVersionDate "2023.10.10"]
[SourceQuality "1"]

1. Nf3 g6 2. d4 Bg7 3. e4 c5 4. Nc3 cxd4 5. Nxd4 Nc6 6. Be3 Nf6 7. Nb3 0-0 8. Qd2 a5 9. a4 Nb4 10. 0-0-0 d5 11. exd5 Bf5 12. Na1 Rc8 13. Bd4 Nfxd5 14. Bxg7 Nxc3 15. Bxc3 Na2+ 16. Kb1 Nxc3+ 17. bxc3 Qb6+ 18. Bb5 1-0

[Event "Titled Tuesday intern op 04th Jul Late"]
[Site "Chess.com INT"]
[Date "2023.07.04"]
[Round "2"]
[White "Martinez Martin, David"]
[Black "Perez Ponsa, Federico"]
[Result "1/2-1/2"]
[WhiteElo "2385"]
[BlackElo "2527"]
[PlyCount "150"]
[EventDate "2023.07.04"]
[EventType "swiss (blitz)"]
[EventRounds "11"]
[EventCountry "USA"]
[SourceTitle "EXT 2024"]
[Source "ChessBase"]
[SourceDate "2023.10.10"]
[SourceVersion "1"]
[SourceVersionDate "2023.10.10"]
[SourceQuality "1"]

1. Nf3 Nf6 2. c4 e6 3. d4 d5 4. Nc3 dxc4 5. e3 a6 6. Bxc4 b5 7. Bd3 Bb7 8. a3 c5 9. 0-0 Nbd7 10. Re1 Be7 11. e4 cxd4 12. Nxd4 Ne5 13. Bf1 Bc5 14. Be3 Nfg4 15. Nxe6 Qxd1 16. Nxg7+ Kf8 17. Bxc5+ Qd6 18. Bxd6+ Kxg7 19. h3 Rhd8 20. Rad1 Nxf2 21. Bxe5+ f6 22. Bxf6+ Kxf6 23. Kxf2 Ke5 24. Rxd8 Rxd8 25. Nd5 Rc8 26. Ke3 Rc2 27. Re2 Rc1 28. Rf2 Re1+ 29. Kd2 Rxe4 30. Nc3 Rd4+ 31. Bd3 Rh4 32. Re2+ Kd6 33. Be4 Bc8 34. Bf3 Kc5 35. Ne4+ Kb6 36. Nc3 Bd7 37. Re7 Rd4+ 38. Ke3 Rd6 39. Rxh7 a5 40. b4 axb4 41. axb4 Re6+ 42. Kd4 Bc6 43. Bxc6 Rxc6 44. Nd5+ Ka6 45. Nc7+ Kb6 46. Nd5+ Ka6 47. Rf7 Rc4+ 48. Kd3 Rd4+ 49. Kc3 Rd3+ 50. Kc2 Rd2+ 51. Kb3 Rb2+ 52. Kc3 Rc2+ 53. Kd4 Rc4+ 54. Ke5 Re4+ 55. Kd6 Re6+ 56. Kd7 Rd6+ 57. Ke8 Rd8+ 58. Ke7 Re8+ 59. Kf6 Re6+ 60. Kg7 Rg6+ 61. Kf8 Rg8+ 62. Ke7 Re8+ 63. Kd6 Re6+ 64. Kc7 Rc6+ 65. Kd8 Rc8+ 66. Kd7 Rd8+ 67. Ke6 Rd6+ 68. Ke5 Re6+ 69. Kf4 Re4+ 70. Kg3 Rg4+ 71. Kh2 Rxg2+ 72. Kh1 Rg1+ 73. Kh2 Rg2+ 74. Kh1 Rg1+ 75. Kh2 Rg2+ 1/2-1/2

[Event "Titled Tuesday intern op 04th Jul Late"]
[Site "Chess.com INT"]
[Date "2023.07.04"]
[Round "9"]
[White "Martinez Martin, David"]
[Black "Rastbod, Ali"]
[Result "1-0"]
[WhiteElo "2385"]
[BlackElo "2256"]
[PlyCount "89"]
[EventDate "2023.07.04"]
[EventType "swiss (blitz)"]
[EventRounds "11"]
[EventCountry "USA"]
[SourceTitle "EXT 2024"]
[Source "ChessBase"]
[SourceDate "2023.10.10"]
[SourceVersion "1"]
[SourceVersionDate "2023.10.10"]
[SourceQuality "1"]

1. Nf3 f5 2. d3 Nc6 3. d4 e6 4. g3 Nf6 5. Bg2 Be7 6. 0-0 0-0 7. c4 d6 8. d5 Nb4 9. Nc3 e5 10. Ng5 a5 11. a3 Na6 12. b4 axb4 13. axb4 h6 14. Nh3 g5 15. b5 f4 16. bxa6 bxa6 17. gxf4 exf4 18. Nxf4 gxf4 19. Bxf4 Rf7 20. Bg3 Nh5 21. e3 Nxg3 22. hxg3 Bf6 23. Rc1 Rg7 24. Ne4 Be5 25. f4 Bb2 26. Rb1 Bf6 27. Nxf6+ Qxf6 28. Qf3 Bg4 29. Qf2 h5 30. e4 h4 31. e5 dxe5 32. fxe5 Qxe5 33. Rbe1 Qxg3 34. Qxg3 hxg3 35. c5 Rd8 36. Re5 Be2 37. Rxe2 Rf7 38. Rxf7 Kxf7 39. Re3 Rb8 40. Rxg3 Rb1+ 41. Kh2 Rc1 42. c6 Ke7 43. Ra3 Kd6 44. Rxa6 Ra1 45. Rxa1 1-0

[Event "Titled Tuesday intern op 27th Jun Late"]
[Site "Chess.com INT"]
[Date "2023.06.27"]
[Round "8"]
[White "Martinez Martin, David"]
[Black "Szyszylo, Rafal"]
[Result "0-1"]
[WhiteElo "2385"]
[BlackElo "2074"]
[PlyCount "108"]
[EventDate "2023.06.27"]
[EventType "swiss (blitz)"]
[EventRounds "11"]
[EventCountry "USA"]
[SourceTitle "EXT 2024"]
[Source "ChessBase"]
[SourceDate "2023.10.10"]
[SourceVersion "1"]
[SourceVersionDate "2023.10.10"]
[SourceQuality "1"]

1. e4 d6 2. d4 Nf6 3. Nc3 g6 4. Be3 c6 5. f3 b5 6. Qd2 Nbd7 7. 0-0-0 Nb6 8. h4 h5 9. Nh3 b4 10. Nb1 a5 11. Ng5 Bg7 12. Bd3 Ba6 13. e5 Nfd5 14. e6 f5 15. Nf7 Qc8 16. Nxh8 Bxh8 17. Bf2 Qxe6 18. Rhe1 Qf6 19. Bxa6 Rxa6 20. Qe2 Ra7 21. Qe6 Qxe6 22. Rxe6 Kf7 23. Ree1 Nc4 24. Nd2 Nxd2 25. Kxd2 Rb7 26. g3 a4 27. Rb1 Ra7 28. c4 Nc7 29. Kd3 Ra5 30. Be3 e6 31. Bf4 Ke7 32. c5 Ne8 33. cxd6+ Nxd6 34. Bxd6+ Kxd6 35. Rbc1 Rd5 36. Rc4 c5 37. b3 axb3 38. axb3 Bxd4 39. Kc2 e5 40. Rd1 e4 41. fxe4 fxe4 42. Re1 Ke5 43. Kb1 e3 44. Rc2 Ke4 45. Ra2 Kd3 46. Rd1+ Kc3 47. Ra6 Kxb3 48. Rxg6 Rf5 49. Rd3+ Kc4 50. Rd1 Rf2 51. g4 e2 52. Rc1+ Kd3 53. gxh5 Rf1 54. Rg3+ Be3 0-1